000 00349 a2200157 4500
001 59746
020 _a9783190016808
040 _cAnchieta - Pituba
100 _aKopp, Gabriele
240 1 0 _aPlanet 3
_lpor
245 1 0 _aPlanet 3
300 _a160
362 0 _a2012
650 4 _aLínguas germânicas (teutônicas) língua alemã
942 _cBK
999 _c59746
_d59746